000 00882nam a2200205 a 4500
008 200819s2018 ||||||||||||||||| || u
020 _a9781108439299
050 _aHV 6570 Pal
100 _aFeldman, Valerie
245 1 0 _aComprehending the incomprehensible : organization theory and child sexual abuse in organizations
_cBy Donald Palmer; Valerie Feldman
260 _aCambridge
_bCambridge University Press
_c2018
300 _aiv, 84 pages
490 _aElements in organizational theory
650 0 _aORGANIZATIONAL BEHAVIOR
650 _aCHILD SEXUAL ABUSE--PREVENTION
650 _aCHILD SEXUAL ABUSE
650 _aASSOCIATIONS, INSTITUTIONS, ETC--MORAL AND ETHICAL ASPECTS
700 _aPalmer, Donald
995 _D15.38
_FCBU-MAIN LIBRARY (Kitwe)
_M1
_UAVAILABLE
_WAug 24, 2020
_ZMain Library Open Access Collection
999 _c38178
_d38178